Cultura, política y sociedad : perspectivas latinoamericanas /

Este libro reúne un conjunto de ensayos escogidos de entre los casi sesenta incluídos en los tres primeros volúmenes publicados como resultado de la labor del grupo de trabajo (GT) Cultura y Poder de CLACSO. A partir de apreoximaciones teóricas diversas, los veintiún ensayos reunidos en esta volúmen...

Full description

Bibliographic Details
Format: Libro
Language:Spanish
Published: Buenos Aires CLACSO 2005
Series:Colección grupos de trabajo
Subjects:
Online Access:

MARC

LEADER 00000cam a2200000 a 4500
001 005742
003 UAHC_CL
005 20170803120151.0
008 060127b2005 ag 000 spa
020 |a 9871183275 
040 |a UAHC_CL  |c UAHC_CL  |d UAHC_CL 
245 1 0 |a Cultura, política y sociedad :  |b perspectivas latinoamericanas /  |c Daniel Mato compilador. 
260 |b CLACSO  |c 2005  |a Buenos Aires 
300 |a 504 p. 
490 0 |a Colección grupos de trabajo 
520 |a Este libro reúne un conjunto de ensayos escogidos de entre los casi sesenta incluídos en los tres primeros volúmenes publicados como resultado de la labor del grupo de trabajo (GT) Cultura y Poder de CLACSO. A partir de apreoximaciones teóricas diversas, los veintiún ensayos reunidos en esta volúmenabordan el estudio de aspectos culturales de los procesos sociales contemporáneos, de manera articulada con el de significativos aspectos políticos, económicos, sociales y comunicacionales de os mismos. Los análisis ofrecidos en estos ensayos comparten una orientación general a prestar especial atención a las prácticas de los actores sociales, situados en los contextos institucionales y sociales en que estos se desenvuelven. 
650 4 |a SOCIOLOGIA DE LA CULTURA 
653 |a SOCIOLOGIA 
900 |a 306 CUL 
942 |c BK 
952 |0 0  |1 0  |4 0  |6 306_000000000000000_CUL  |7 0  |8 General  |9 12473  |a BC  |b BC  |c General  |d 2017-08-03  |l 0  |o 306 CUL  |p 1351804  |r 2026-01-13 00:00:00  |t 1  |w 2017-08-03  |y BK 
999 |c 5742  |d 5742